| 000 | 01184nam a22002297a 4500 | ||
|---|---|---|---|
| 999 |
_c64186 _d64186 |
||
| 003 | Ge_BSU | ||
| 005 | 20260428122052.0 | ||
| 008 | 260428s1997 ge ||||| |||| 00| 0 geo d | ||
| 020 | _a551100703X | ||
| 041 | _ageo | ||
| 080 | _a339.5 : 658.562 თ-67 | ||
| 100 |
_aთოდუა, ნუგზარ _913294 |
||
| 245 |
_aსაქონლის ექსპერტიზა საერთაშორისო ვაჭრობაში / _cნ. თოდუა, გ. ნადირაშვილი; [რედ.: ი. ადეიშვილი]. |
||
| 264 |
_aთბ. : _bთბილ. უნ-ტის გამ-ბა, _c1997 . |
||
| 300 |
_a324გვ. ; _b 27სმ. |
||
| 500 | _aწიგნი დაიბეჭდა იუნესკოს ფინანსური დახმარებით | ||
| 653 | _aსაქონლის ექსპერტიზა | ||
| 653 | _aსაერთაშორისო ვაჭრობა | ||
| 700 |
_aნადირაშვილი, გაიოზ _eავტორი _927387 |
||
| 700 |
_aადეიშვილი, ი. _eრედაქტორი _927388 |
||
| 942 |
_2udc _cᲬᲘᲒᲜᲘ |
||